| Tag |
First Indicator |
Second Indicator |
Subfields |
| LEADER |
00000nam a2200000Ia 4500 |
| 001 |
in00004301713 |
| 005 |
20200810085322.0 |
| 006 |
m g d |
| 007 |
cr bn |||a|bb| |
| 008 |
870114s1661 enk o 00| | eng d |
| 035 |
|
|
|a (OCoLC)15069119
|
| 040 |
|
|
|c EAF
|d WaOLN
|
| 037 |
|
|
|a CL0037000056
|b ProQuest Information and Learning. 300 N. Zeeb Rd., Ann Arbor, MI 48106
|
| 043 |
|
|
|a e-uk-en
|
| 090 |
|
|
|a BX5151
|b .A3 1661
|
| 049 |
|
|
|a EAFA
|
| 110 |
2 |
|
|a Church of England.
|
| 245 |
1 |
2 |
|a A collection of articles, canons, orders, ordinances, and constitutions ecclesiastical, with other public records of the Church of England :
|b chiefly in the times of K. Edward VIth, Q. Elizabeth, and K. James /
|c published to vindicate the Church of England and to promote uniformity and peace in the same, and humbly presented to the convocation.
|
| 260 |
|
|
|a London :
|b Printed by R. Norton for Timothy Garthwait ...,
|c 1661.
|
| 300 |
|
|
|a 1 online resource (circa 339 pages in various pagings.
|
| 336 |
|
|
|a text
|b txt
|2 rdacontent
|
| 337 |
|
|
|a computer
|b c
|2 rdamedia
|
| 338 |
|
|
|a online resource
|b cr
|2 rdacarrier
|
| 500 |
|
|
|a Preface signed: Anth. Sparrow.
|
| 500 |
|
|
|a Compiled by Anthony Sparrow--Cf. DNB volume 53, pages 314.
|
| 500 |
|
|
|a Each work has special t.p.
|
| 500 |
|
|
|a Frontispiece: The seales of arms of the bishops of England.
|
| 500 |
|
|
|a Reproduction of original in the Harvard Law School Library.
|
| 510 |
4 |
|
|a Wing (2nd edition)
|c C4093A
|
| 533 |
|
|
|a Electronic reproduction.
|b Ann Arbor, Mich. :
|c UMI,
|d 1999-
|f (Early English books online)
|n Digital version of: (Early English books, 1641-1700 ; 1579:25)
|7 s1999 miun s
|
| 610 |
2 |
0 |
|a Church of England
|x Government.
|
| 650 |
|
0 |
|a Ecclesiastical law
|z England.
|
| 610 |
2 |
0 |
|a Church of England
|v Catechisms.
|
| 700 |
1 |
|
|a Sparrow, Anthony,
|d 1612-1685.
|
| 710 |
1 |
|
|a England and Wales.
|t Laws, etc.
|
| 830 |
|
0 |
|a Early English books online.
|
| 856 |
4 |
0 |
|u http://proxy.library.tamu.edu/login?url=https://search.proquest.com/docview/2248501307
|z Connect to the full text of this electronic book
|t 0
|
| 999 |
f |
f |
|s c37ceac6-c037-30b5-b190-253e7e3e0e73
|i a174e53a-03f0-3d5d-b52e-f5486015c376
|t 0
|
| 952 |
f |
f |
|a Texas A&M University
|b College Station
|c Electronic Resources
|d Available Online
|t 0
|e BX5151 .A3 1661
|h Library of Congress classification
|
| 998 |
f |
f |
|a BX5151 .A3 1661
|t 0
|l Available Online
|